=LDR 00000nam 2200000 4500 =001 INLIS000000000026489 =005 20200703053315 =035 ##$$a 0010-061300000026489 =008 200703################g##########0#ind## =041 ##$$a Ind =082 ##$$a 2x5.1 =090 ##$$a 2x5.1, Tha m =100 1#$$a Thahir, Allamah Sayyid Abdullah =245 1#$$a Menyingkap diri manusia, risalah ilmu dan akhlak, /$c Allamah Sayyid Abdullah Bin Husain Bin Thahir =260 ##$$a Jakarta :$b Pustaka Hidayah,$c 1993 =300 ##$$a 158 hlm, ; $c 15x23 cm =650 #4$$a Akhlak =850 ##$$a NBPNMAT =084 ##$$a 2x5.1 THA m =250 ##$$a cet.1 =990 ##$$a 108.176/Pb.97